00271nam a2200109Ia 4500008004100000020000900041041000800050082001500058100001300073245003700086260003800123221007s9999 xx 000 0 und d a3945 aeng a004.1bZAC aZacker C aPC hardware - complete reference c2005bTata Mcgraw HillaNew Delhi